00875nam a2200217 i 4500001000700000003000900007005001700016007000300033008004100036080002200077100003600099245008500135260003900220300002100259490003000280500013300310830005200443852002200495999001900517952012100536115380ES-MaACL20250825062551.0t|070307s1928 sp ||||1| spa d a821.134.2.23-"19"1 aSuárez Ruiz, Antonio.910865810aDale un beso a papá b: comedia en tres actos y en prosa / cAntonio Suárez. aMadrid : bPrensa Moderna, c1928. a63 p. ; c17 cm.1 aEl Teatro moderno ; v125 aEstrenada en el Teatro Barcelona, de Barcelona, el 25 de mayo de 1927, y en el Infanta Isabel, de Madrid, el 4 de enero de 1928.03aEl teatro moderno (Prensa Moderna)v1259182365 aES-MaACLjC-13031 c115380d115380 00104070aATENEOMbATENEOMcSPALd2008-01-17eSCl0oC-13031p1120305r2023-02-23 00:00:00w2023-02-23yMONOGRAFIA